Transformace zdravotnictví - pro a proti.

Systém štátneho zdravotníctva, zavedený počiatkom 50. rokov sa ukázal ako nefunkčný a vyústil do úplne neuspokojivého stavu. Skracovanie strednej dĺžky života, zvyšovanie chorobnosti a invalidity. Charakteristika tvorby nového systému zdravotníctva v ČR a privatizácie v zdravotníctve.

Guardado en:
Detalles Bibliográficos
Autor principal: Kopřivová, J.
Formato: Capítulo de libro
Lenguaje:checo
Materias:
Etiquetas: Agregar Etiqueta
Sin Etiquetas, Sea el primero en etiquetar este registro!

MARC

LEADER 00000naa a2200000 4500
001 r011772
005 20220826094820.4
041 0 |a cze 
044 |a [CS] 
245 1 0 |a Transformace zdravotnictví - pro a proti.  |c J. Kopřivová 
520 |a Systém štátneho zdravotníctva, zavedený počiatkom 50. rokov sa ukázal ako nefunkčný a vyústil do úplne neuspokojivého stavu. Skracovanie strednej dĺžky života, zvyšovanie chorobnosti a invalidity. Charakteristika tvorby nového systému zdravotníctva v ČR a privatizácie v zdravotníctve. 
610 2 0 |a zdravotníctvo 
610 2 0 |a transformácia 
610 2 0 |a privatizácia 
610 2 0 |a sektor štátny 
610 2 0 |a sektor súkromný 
610 2 0 |a údaje štatistické 
610 2 0 |a Čechy 
610 2 0 |a 1951-1992 
610 2 0 |a legislatíva 
610 2 0 |a poistenie zdravotné 
610 2 0 |a financovanie 
100 1 |a Kopřivová, J.